000 02157nam a22003497a 4500
001 103127
003 KnowledgeUnlatched
005 20210303105056.0
006 m o d
007 cr u||||||||||
008 210129p20192019xx o u00| u eng d
037 _5BiblioBoard
245 0 0 _aScandal and Democracy
_bMedia Politics in Indonesia /
_cMcCoy Mary.
020 _a9781501731051
029 1 _ahttps://library.biblioboard.com/ext/api/media/ae62a12a-c4d0-4b50-9c45-32b8c3f6ecb3/assets/thumbnail.jpg
040 _aScCtBLL
_cScCtBLL
100 1 _aMary, McCoy
_eauthor.
264 1 _bCornell University Press,
300 _a1 online resource (223 p.)
506 0 _aAccess copy available to the general public.
_fUnrestricted
_2star
520 _aAfter a nation has transitioned from authoritarianism to democracy, how are democratic norms most effectively fostered and maintained? This book uses as its case study Indonesia after the fall of the dictator Suharto to reveal that a contentious, even scandal-obsessed press can actually prove extremely useful for an emergent democracy. A society that can tolerate and protect journalists willing to expose corruption and scandal among elites is one, the author finds, in which ordinary citizens are willing to believe in and support other democratic institutions. Based on extensive interviews and research in Indonesia, this book offers a new and surprising perspective on the role of the press and the nature of scandal-driven journalism in fledgling democracies.
588 0 _aDescription based on print version record.
590 _aKU Select 2018: HSS Frontlist Books
650 7 _aPolitical Science
_2bisacsh
650 0 _aPolitical science
655 0 _aElectronic books.
758 _iIs found in:
_aKnowledge Unlatched
_1https://openresearchlibrary.org/module/2774bc74-146a-484f-a7ba-ab1d6a09bbfb
856 4 0 _uhttps://openresearchlibrary.org/content/ae62a12a-c4d0-4b50-9c45-32b8c3f6ecb3
_zView this content on Open Research Library.
_70
999 _c25355
_d25355